000 00205 a2200097 4500
001 44019
100 _aWatt
245 _aMuhammad at Mecca
260 _aOxford
_bClarendon press
_c
090 _c27758
_d27758
942 _aNUST-CAE
_cM
_c19733
999 _c279092
_d279092